00513cam a22002051 4500001001300000003000400013005001700017008004100034010001700075035002000092040001700112042001200129050001800141100001900159245004400178250001300222260003800235300001900273999001500292af 47002471 DLC20260227110814.0890617s1944 be 000 0 dut  aaf 47002471  a(OCoLC)19884622 aDLCcCUdDLC apremarc00aPT6401.A6bT61 aAbert, Solvic.10aToen Themis faalde,cdoor Solvic Abert. a1. druk. aAntwerpen,bN.v. "Patria,"c1944. a613 p.c20 cm. c1737d1737